000 00528nam a2200217Ia 4500
003 OSt
005 20240502100518.0
008 210210b xxu||||| |||| 00| 0 eng d
040 _cAL
041 _aMalayalam
082 _a878/46
100 _aSANKUNNI (K).
_9162788
245 _aAithihyamala- part IV
_bഐതിഹ്യമാല
260 _bNot Mentioned
650 _apart
_9162789
650 _aIV
_9162790
650 _aAithihyamala-
_9162791
690 _aMalayalam
_9162792
906 _a002728
942 _2ddc
_cBK
999 _c124704
_d124704